00531nam a2200145Ia 4500008004100000082002100041100003300062245006000095260002200155300001100177440004800188651003700236952009500273999001700368120622s9999 xx 000 0 und d a086.1 P832m v.24 aAragón Echeagaray, Enrique aFisonomías de la ciudad / Enrique Aragón Echeagaray aMéxico : D.D.F. a111 p. aColección popular Ciudad de México ; 24 a1. MEXICO (CIUDAD) - HISTORIAÌ 00104070a01b01d2007-01-25l0o086.1 P832M V.24p01 003301r2012-06-24w2012-06-24yLB c56209d56209